State - building in the middle East and North Africa: one hundred years of nationalism, religion and politics (Record no. 1225813)

MARC details
000 -LEADER
fixed length control field 00704nam a2200217Ia 4500
005 - DATE AND TIME OF LATEST TRANSACTION
control field 20241129105747.0
008 - FIXED-LENGTH DATA ELEMENTS--GENERAL INFORMATION
fixed length control field 241129s9999||||xx |||||||||||||| ||und||
020 ## - INTERNATIONAL STANDARD BOOK NUMBER
International Standard Book Number 978-0-7556-0140-0
037 ## - SOURCE OF ACQUISITION
Stock number TB
040 ## - CATALOGING SOURCE
Original cataloging agency ARTS
Language of cataloging eng
Transcribing agency ARTS
041 ## - LANGUAGE CODE
Language code of text/sound track or separate title eng
Source of code eng
084 ## - COLON CLASSIFICATION NUMBER
Classification number W:91.46 R2
Assigning agency ARTS
100 ## - MAIN ENTRY--PERSONAL NAME
Personal name Mahmoud Mohammad Ed.; Mohamedou Ed.
9 (RLIN) 724625
245 #0 - TITLE STATEMENT
Title State - building in the middle East and North Africa: one hundred years of nationalism, religion and politics
Statement of responsibility, etc. Mahmoud Mohammad Ed.; Mohamedou Ed.
260 ## - PUBLICATION, DISTRIBUTION, ETC.
Place of publication, distribution, etc. UK
Name of publisher, distributor, etc. I.B.Tauris
Date of publication, distribution, etc. 2021
300 ## - PHYSICAL DESCRIPTION
Extent xii,277p.
365 ## - TRADE PRICE
Price type code UKP
Price amount 21.99
650 ## - SUBJECT ADDED ENTRY--TOPICAL TERM
Topical term or geographic name entry element Political Science
942 ## - ADDED ENTRY ELEMENTS (KOHA)
Koha item type Textbook
Classification part W:91.46 R2

No items available.

Copyright @ Delhi University Library System